000 00626nam a22002177a 4500
003 dpl
005 20180911124243.0
008 180911b xxu||||| |||| 00| 0 eng d
010 _aA-825820
020 _a0706368312
_c0.00
035 _aA-825820
040 _aDPL
_bEN
_c0
082 _a635.9772
_bCHA
100 _aChan,Peter
245 _aCreate your own bonsai with everyday garden plants /
_cby Peter Chan
260 _aLondon
_bWard lock ltd
_c1989
270 _aWellingtone house , 125 strand
_bLondon
300 _a128p.:
_c25cm
500 _aInclude Index
942 _2ddc
_cEN
_h635.9772
_mCHE
999 _c157343
_d157343